000 00485nam a2200193Ia 4500
005 20140407091551.0
008 140130s9999 xx 000 0 und d
020 _a0439662133
050 _aSF 76.5
_b.Z86Tr 2005
100 _aZullo, Allan
_914501
245 _cAllan Zullo.
_aTrue tales of Animal Heroes /
260 _bScholastic,
_c2005.
_aUSA :
300 _a125 p. :
_c20 cm.
440 _v1
_931174
521 _aG5
526 _c780
942 _cBK
_2lcc
999 _c41129
_d41129